|
|
|
|
| LEADER |
00000nab a2200000 a 4500 |
| 001 |
vtls011118970 |
| 003 |
SK-MaSNL |
| 005 |
20260303132947.0 |
| 008 |
230218|1973 xo |||||||||||||||||eng| |
| 015 |
|
|
|a SNBRB
|
| 035 |
|
|
|a (uuid)dce8bcb1-b5c2-4351-b54f-ac68b20e801a
|
| 035 |
|
|
|a (urnnbn)urn:nbn:sk:snk:ar-a08ni8
|
| 035 |
|
|
|a urn:nbn:sk:snk-ab9pd8
|
| 040 |
|
|
|a SNKBUCL
|b slo
|c SNKBUCL
|e AACR2
|
| 041 |
0 |
|
|a eng
|
| 044 |
|
|
|a xo
|c SK
|
| 100 |
1 |
|
|a Michník, Ľubomír,
|d 1932-1999
|4 aut
|9 192959
|
| 245 |
1 |
0 |
|a CESTOVNÝ RUCH AKO ÚZEMNO-EKONOMICKÝ ČINITEĽ V ROZVOJI OBLASTI
|c Ľubomír Michník
|
| 773 |
0 |
|
|t Ekonomická revue cestovného ruchu
|g Roč. 6, č. 2 (1973), s. 41-55
|
| 958 |
|
|
|a OND
|
| 958 |
|
|
|a EUIPO
|
| 958 |
|
|
|a article13
|
| 999 |
|
|
|c 1954521
|d 1956451
|